000 01381nam0a2200325 4500
001 RU\NLR\bibl\1718909
005 20260405075313.0
010 _a978-5-7638-1985-4
_9500
021 _aRU
_b2010-94893
_96398
035 _a(NLR Aleph) 001709912
090 _a1273615
_c1273615
100 _a20101224d2010 |||y0rusy50 ca
101 0 _arus
102 _aRU
105 _aa |||||||||
200 1 _aПроектирование сенсорных микропроцессорных систем управления
_eмонография
_fО.В. Непомнящий, Е.А. Вейсов
_gФедер. агентство по образованию, Сиб. федер. ун-т
210 _aКрасноярск
_cСФУ
_d2010
215 _a145, [3] с.
_cил.
_d24
225 1 _aБиблиотека журнала СФУ
_iТехника и технологии
313 _aВ общем виде
320 _aБиблиогр.: с. 134-136 (36 назв.)
606 1 _aДатчики
_91085530
_3RU\NLR\auth\66106003
686 _aЗ965-044.3
700 1 _aНепомнящий
_bО. В.
_gОлег Владимирович
_4070
701 1 _4070
_7ca
_8rus
_aВейсов
_bЕ. А.
_f1946-
_gЕвгений Алексеевич
_99913
_3RU\NLR\auth\7726875
801 0 _aRU
_bNLR
_c20101224
_gRCR
801 1 _aRU
_bNLR
_c20101224
942 _cBOOK
980 _aNB